Hrníčková kuchařka. Vaříme a pečeme bez vážení /

Hlavní autor: Pechová, Jaroslava, 1950-
Jazyk: Čeština
Vydáno: Praha : Laguna, 2005
Vydání: 14., upr., rozš. vyd.
Edice: Hrníčková kuchařka
Témata:
Fyzický popis: 206 s., [16] s. barev. obr. příl. : il. (některé barev.) ; 22 cm
Knihy
Uloženo v:
LEADER 01366nam a2200385 a 4500
001 nkc20051633797
003 CZ PrNK
005 20100527075518.0
007 ta
008 051205s2005 xr af e f 000 0 cze
015 |a cnb001633797 
020 |a 80-86274-74-8  |q (váz.)  |z 80-86274-70-5 
035 |a (OCoLC)320479037 
040 |a OLA001  |b cze  |d BOA001  |d ABA001 
072 7 |a 641  |x Kuchařství. Potraviny. Vařená jídla  |2 Konspekt  |9 19 
080 |a 641.55  |2 MRF 
080 |a (083.12)  |2 MRF 
100 1 |a Pechová, Jaroslava,  |d 1950-  |7 jk01092345  |4 aut 
245 1 0 |a Hrníčková kuchařka.  |p Vaříme a pečeme bez vážení /  |c Jaroslava Pechová 
246 3 |a Hrníčková kuchařka - Vaříme a pečeme bez vážení 
246 3 0 |a Vaříme a pečeme bez vážení 
250 |a 14., upr., rozš. vyd. 
260 |a Praha :  |b Laguna,  |c 2005 
300 |a 206 s., [16] s. barev. obr. příl. :  |b il. (některé barev.) ;  |c 22 cm 
490 1 |a Hrníčková kuchařka 
650 0 7 |a jídla  |7 ph114847  |2 czenas 
650 0 9 |a meals  |2 eczenas 
655 7 |a kuchařské recepty  |7 fd132687  |2 czenas 
655 9 |a cookbooks  |2 eczenas 
830 0 |a Hrníčková kuchařka  |0 s 
910 2 |a BOA001  |b 2-1173.930 
990 |a BK 
995 |a 01 
991 |b 200609  |c NOV 
996 6 |b 2610287618  |c 2-1173.930  |l MZK  |r Sklad / do 1 hodiny  |n 0  |p p.v.  |w 000825341  |u 000010  |a 1  |e BOA001  |j MZK50  |s P